| 000 | 01098cam a2200301 a 4500 | ||
|---|---|---|---|
| 001 | 14081 | ||
| 003 | BD-JhCC | ||
| 005 | 20240919112657.0 | ||
| 008 | 931004r19941987nyua b 001 0 eng | ||
| 020 | _a 9780470544099 | ||
| 035 | _a(BD-JhCC)14081 | ||
| 040 |
_aDLC _cDLC _dDLC |
||
| 041 | _aeng | ||
| 050 | 0 | 0 |
_aTK7887.5 _b.G368 1994 |
| 082 | 0 | 0 |
_a621.3981 _220 _bGAR 1994 |
| 100 | 1 | _aGarrett, Patrick H. | |
| 245 | 1 | 0 |
_aAdvanced instrumentation and computer I/O design : _breal-time system computer interface engineering / _cPatrick H. Garrett. |
| 260 |
_aNew York : _bIEEE Press, _c1994. |
||
| 300 |
_aix, 292 p. : _bill. ; _c25 cm. |
||
| 500 | _aPreviously published: Computer inferface engineering for real-time systems: a model-based approach. IEEE Press ed. Prentice-Hall, c1987. | ||
| 500 | _a"IEEE order no. PC04143"--T.p. verso. | ||
| 504 | _aIncludes bibliographical references and index. | ||
| 650 | 0 | _aComputer interfaces. | |
| 650 | 0 |
_aComputer input-output equipment _xDesign _xData processing. |
|
| 650 | 0 | _aComputer-aided engineering. | |
| 942 |
_2ddc _cBK |
||
| 999 |
_c14081 _d14081 |
||